00459nam a2200157 a 450000500170000000800410001702000150005805000250007310000190009824500710011726000430018830000210023152100090025265000270026165000130028820140310183142.0020819s19uu xx 00 eng d a067164470x aHF 5718 b.F743 1989 aFrank, Milo M. aHow to run a successful meeting in half the time /cMilo O. Frank. aNew York :bSimon and Schuster,c1989. a158 p. :c22 cm. aBSBA aBusiness communication aMeetings